<?xml version="1.0" encoding="UTF-8"?>
<record
    xmlns:xsi="http://www.w3.org/2001/XMLSchema-instance"
    xsi:schemaLocation="http://www.loc.gov/MARC21/slim http://www.loc.gov/standards/marcxml/schema/MARC21slim.xsd"
    xmlns="http://www.loc.gov/MARC21/slim">

  <leader>03464    a2200301   4500</leader>
  <controlfield tag="003">NALT</controlfield>
  <controlfield tag="005">20241217162345.0</controlfield>
  <controlfield tag="008">240409b        th ||||| |||| 00| 0 tha d</controlfield>
  <datafield tag="020" ind1=" " ind2=" ">
    <subfield code="a">9786168339176</subfield>
  </datafield>
  <datafield tag="040" ind1=" " ind2=" ">
    <subfield code="a">NALT</subfield>
  </datafield>
  <datafield tag="041" ind1="1" ind2=" ">
    <subfield code="a">tha</subfield>
    <subfield code="h">eng</subfield>
  </datafield>
  <datafield tag="050" ind1=" " ind2=" ">
    <subfield code="a">HF 5415.32</subfield>
    <subfield code="b">&#xE0B;489&#xE17; 2566</subfield>
  </datafield>
  <datafield tag="100" ind1="1" ind2=" ">
    <subfield code="a">&#xE0B;&#xE39;&#xE1A;&#xE2D;&#xE1F;&#xE1F;&#xE4C;, &#xE42;&#xE0B;&#xE0B;&#xE32;&#xE19;&#xE32;</subfield>
    <subfield code="9">63625</subfield>
  </datafield>
  <datafield tag="245" ind1="1" ind2="0">
    <subfield code="a">&#xE17;&#xE38;&#xE19;&#xE19;&#xE34;&#xE22;&#xE21;&#xE2A;&#xE2D;&#xE14;&#xE41;&#xE19;&#xE21; =</subfield>
    <subfield code="b">The Age of surveilance capitalism : the fight for a human future at the new frontier of power / </subfield>
    <subfield code="c">Shoshana Zuboff ; &#xE10;&#xE13;&#xE10; &#xE08;&#xE34;&#xE19;&#xE14;&#xE32;&#xE19;&#xE19;&#xE17;&#xE4C;, &#xE41;&#xE1B;&#xE25;.</subfield>
  </datafield>
  <datafield tag="246" ind1="3" ind2="1">
    <subfield code="a">The Age of surveilance capitalism :  </subfield>
    <subfield code="b">the fight for a human future at the new frontier of power.</subfield>
  </datafield>
  <datafield tag="250" ind1=" " ind2=" ">
    <subfield code="a">&#xE1E;&#xE34;&#xE21;&#xE1E;&#xE4C;&#xE04;&#xE23;&#xE31;&#xE49;&#xE07;&#xE41;&#xE23;&#xE01;.</subfield>
  </datafield>
  <datafield tag="260" ind1=" " ind2=" ">
    <subfield code="a">&#xE01;&#xE23;&#xE38;&#xE07;&#xE40;&#xE17;&#xE1E;&#xE2F; : </subfield>
    <subfield code="b">&#xE1A;&#xE38;&#xE4A;&#xE04;&#xE2A;&#xE40;&#xE04;&#xE1B;, </subfield>
    <subfield code="c">2566.</subfield>
  </datafield>
  <datafield tag="300" ind1=" " ind2=" ">
    <subfield code="a">695 &#xE2B;&#xE19;&#xE49;&#xE32; ;</subfield>
    <subfield code="c">24 &#xE0B;&#xE21;.</subfield>
  </datafield>
  <datafield tag="505" ind1="0" ind2=" ">
    <subfield code="a">&#xE1A;&#xE17;&#xE19;&#xE33; -- 1. &#xE1A;&#xE49;&#xE32;&#xE19;&#xE2B;&#xE23;&#xE37;&#xE2D;&#xE01;&#xE32;&#xE23;&#xE1E;&#xE25;&#xE31;&#xE14;&#xE16;&#xE34;&#xE48;&#xE19;&#xE43;&#xE19;&#xE2D;&#xE19;&#xE32;&#xE04;&#xE15;&#xE14;&#xE34;&#xE08;&#xE34;&#xE17;&#xE31;&#xE25; -- &#xE20;&#xE32;&#xE04; 1 &#xE23;&#xE32;&#xE01;&#xE10;&#xE32;&#xE19;&#xE02;&#xE2D;&#xE07;&#xE17;&#xE38;&#xE19;&#xE19;&#xE34;&#xE22;&#xE21;&#xE2A;&#xE2D;&#xE14;&#xE41;&#xE19;&#xE21; -- 2. 9 &#xE2A;&#xE34;&#xE07;&#xE2B;&#xE32;&#xE04;&#xE21; 2011: &#xE40;&#xE15;&#xE23;&#xE35;&#xE22;&#xE21;&#xE40;&#xE27;&#xE17;&#xE35;&#xE2A;&#xE33;&#xE2B;&#xE23;&#xE31;&#xE1A;&#xE17;&#xE38;&#xE19;&#xE19;&#xE34;&#xE22;&#xE21;&#xE2A;&#xE2D;&#xE14;&#xE41;&#xE19;&#xE21; -- 3. &#xE01;&#xE32;&#xE23;&#xE04;&#xE49;&#xE19;&#xE1E;&#xE1A;&#xE02;&#xE49;&#xE2D;&#xE21;&#xE39;&#xE25;&#xE2A;&#xE48;&#xE27;&#xE19;&#xE40;&#xE01;&#xE34;&#xE19;&#xE40;&#xE0A;&#xE34;&#xE07;&#xE1E;&#xE24;&#xE15;&#xE34;&#xE01;&#xE23;&#xE23;&#xE21; -- 4. &#xE04;&#xE39;&#xE40;&#xE21;&#xE37;&#xE2D;&#xE07;&#xE23;&#xE2D;&#xE1A;&#xE1B;&#xE23;&#xE32;&#xE2A;&#xE32;&#xE17; -- 5. &#xE01;&#xE32;&#xE23;&#xE1E;&#xE31;&#xE12;&#xE19;&#xE32;&#xE17;&#xE38;&#xE19;&#xE19;&#xE34;&#xE22;&#xE21;&#xE2A;&#xE2D;&#xE14;&#xE41;&#xE19;&#xE21; : &#xE25;&#xE31;&#xE01;&#xE1E;&#xE32; &#xE01;&#xE27;&#xE32;&#xE14;&#xE15;&#xE49;&#xE2D;&#xE19; &#xE41;&#xE02;&#xE48;&#xE07;&#xE02;&#xE31;&#xE19; -- 6. &#xE16;&#xE39;&#xE01;&#xE08;&#xE35;&#xE49;&#xE0A;&#xE34;&#xE07; : &#xE01;&#xE32;&#xE23;&#xE41;&#xE1A;&#xE48;&#xE07;&#xE01;&#xE31;&#xE19;&#xE40;&#xE23;&#xE35;&#xE22;&#xE19;&#xE23;&#xE39;&#xE49;&#xE43;&#xE19;&#xE2A;&#xE31;&#xE07;&#xE04;&#xE21; -- &#xE20;&#xE32;&#xE04; 2 &#xE04;&#xE27;&#xE32;&#xE21;&#xE01;&#xE49;&#xE32;&#xE27;&#xE2B;&#xE19;&#xE49;&#xE32;&#xE02;&#xE2D;&#xE07;&#xE17;&#xE38;&#xE19;&#xE19;&#xE34;&#xE22;&#xE21;&#xE2A;&#xE2D;&#xE14;&#xE41;&#xE19;&#xE21; -- 7. &#xE18;&#xE38;&#xE23;&#xE01;&#xE34;&#xE08;&#xE04;&#xE27;&#xE32;&#xE21;&#xE40;&#xE1B;&#xE47;&#xE19;&#xE08;&#xE23;&#xE34;&#xE07; -- 8. &#xE01;&#xE32;&#xE23;&#xE01;&#xE25;&#xE31;&#xE48;&#xE19;: &#xE08;&#xE32;&#xE01;&#xE1B;&#xE23;&#xE30;&#xE2A;&#xE1A;&#xE01;&#xE32;&#xE23;&#xE13;&#xE4C;&#xE2A;&#xE39;&#xE49;&#xE02;&#xE49;&#xE2D;&#xE21;&#xE39;&#xE25; -- 9. &#xE01;&#xE32;&#xE23;&#xE01;&#xE25;&#xE34;&#xE48;&#xE19;&#xE02;&#xE49;&#xE2D;&#xE21;&#xE39;&#xE25;&#xE08;&#xE32;&#xE01;&#xE2A;&#xE48;&#xE27;&#xE19;&#xE25;&#xE36;&#xE01; -- 10. &#xE43;&#xE2B;&#xE49;&#xE1E;&#xE27;&#xE01;&#xE17;&#xE48;&#xE32;&#xE19;&#xE44;&#xE14;&#xE49;&#xE40;&#xE23;&#xE34;&#xE07;&#xE23;&#xE30;&#xE1A;&#xE33; -- 11. &#xE2A;&#xE34;&#xE17;&#xE18;&#xE34;&#xE40;&#xE2B;&#xE19;&#xE37;&#xE2D;&#xE1B;&#xE23;&#xE30;&#xE42;&#xE22;&#xE04;&#xE1A;&#xE2D;&#xE01;&#xE2D;&#xE19;&#xE32;&#xE04;&#xE15; -- &#xE20;&#xE32;&#xE04; 3 &#xE2D;&#xE33;&#xE19;&#xE32;&#xE08;&#xE1C;&#xE48;&#xE32;&#xE19;&#xE40;&#xE04;&#xE23;&#xE37;&#xE48;&#xE2D;&#xE07;&#xE21;&#xE37;&#xE2D;&#xE2A;&#xE33;&#xE2B;&#xE23;&#xE31;&#xE1A;&#xE04;&#xE27;&#xE32;&#xE21;&#xE40;&#xE1B;&#xE47;&#xE19;&#xE2A;&#xE21;&#xE31;&#xE22;&#xE43;&#xE2B;&#xE21;&#xE48;&#xE17;&#xE35;&#xE48;&#xE2A;&#xE32;&#xE21; -- 12. &#xE2D;&#xE33;&#xE19;&#xE32;&#xE08;&#xE2A;&#xE2D;&#xE07;&#xE2A;&#xE1B;&#xE35;&#xE0A;&#xE35;&#xE2A;&#xE4C; -- 13. &#xE44;&#xE2D;&#xE49;&#xE40;&#xE1A;&#xE34;&#xE49;&#xE21;&#xE41;&#xE25;&#xE30;&#xE01;&#xE32;&#xE23;&#xE1C;&#xE07;&#xE32;&#xE14;&#xE02;&#xE36;&#xE49;&#xE19;&#xE02;&#xE2D;&#xE07;&#xE2D;&#xE33;&#xE19;&#xE32;&#xE08;&#xE1C;&#xE48;&#xE32;&#xE19;&#xE40;&#xE04;&#xE23;&#xE37;&#xE48;&#xE2D;&#xE07;&#xE21;&#xE37;&#xE2D; -- 14. &#xE22;&#xE39;&#xE42;&#xE17;&#xE40;&#xE1B;&#xE35;&#xE22;&#xE41;&#xE2B;&#xE48;&#xE07;&#xE04;&#xE27;&#xE32;&#xE21;&#xE41;&#xE19;&#xE48;&#xE19;&#xE2D;&#xE19; -- 15. &#xE23;&#xE48;&#xE27;&#xE21;&#xE01;&#xE31;&#xE19;&#xE14;&#xE49;&#xE27;&#xE22;&#xE2D;&#xE33;&#xE19;&#xE32;&#xE08;&#xE1C;&#xE48;&#xE32;&#xE19;&#xE40;&#xE04;&#xE23;&#xE37;&#xE48;&#xE2D;&#xE07;&#xE21;&#xE37;&#xE2D; -- 16. &#xE40;&#xE23;&#xE37;&#xE48;&#xE2D;&#xE07;&#xE02;&#xE2D;&#xE07;&#xE0A;&#xE35;&#xE27;&#xE34;&#xE15;&#xE43;&#xE19;&#xE23;&#xE27;&#xE07;&#xE1B;&#xE23;&#xE30;&#xE2A;&#xE32;&#xE17; -- 17. &#xE2A;&#xE34;&#xE17;&#xE18;&#xE34;&#xE17;&#xE35;&#xE48;&#xE08;&#xE30;&#xE21;&#xE35;&#xE40;&#xE02;&#xE15;&#xE2D;&#xE20;&#xE31;&#xE22;&#xE17;&#xE32;&#xE19; -- &#xE1A;&#xE17;&#xE2A;&#xE23;&#xE38;&#xE1B; -- 18. &#xE23;&#xE31;&#xE10;&#xE1B;&#xE23;&#xE30;&#xE2B;&#xE32;&#xE23;&#xE08;&#xE32;&#xE01;&#xE40;&#xE1A;&#xE37;&#xE49;&#xE2D;&#xE07;&#xE1A;&#xE19;.</subfield>
  </datafield>
  <datafield tag="650" ind1=" " ind2="4">
    <subfield code="a">&#xE1E;&#xE24;&#xE15;&#xE34;&#xE01;&#xE23;&#xE23;&#xE21;&#xE1C;&#xE39;&#xE49;&#xE1A;&#xE23;&#xE34;&#xE42;&#xE20;&#xE04;</subfield>
    <subfield code="x">&#xE01;&#xE32;&#xE23;&#xE1B;&#xE23;&#xE30;&#xE21;&#xE27;&#xE25;&#xE1C;&#xE25;&#xE02;&#xE49;&#xE2D;&#xE21;&#xE39;&#xE25;</subfield>
    <subfield code="9">63627</subfield>
  </datafield>
  <datafield tag="650" ind1=" " ind2="4">
    <subfield code="a">&#xE40;&#xE17;&#xE04;&#xE42;&#xE19;&#xE42;&#xE25;&#xE22;&#xE35;&#xE2A;&#xE32;&#xE23;&#xE2A;&#xE19;&#xE40;&#xE17;&#xE28;</subfield>
    <subfield code="x">&#xE41;&#xE07;&#xE48;&#xE2A;&#xE31;&#xE07;&#xE04;&#xE21;</subfield>
    <subfield code="9">39184</subfield>
  </datafield>
  <datafield tag="650" ind1=" " ind2="4">
    <subfield code="a">&#xE02;&#xE49;&#xE2D;&#xE21;&#xE39;&#xE25;&#xE02;&#xE19;&#xE32;&#xE14;&#xE43;&#xE2B;&#xE0D;&#xE48;</subfield>
    <subfield code="x">&#xE41;&#xE07;&#xE48;&#xE40;&#xE28;&#xE23;&#xE29;&#xE10;&#xE01;&#xE34;&#xE08;</subfield>
    <subfield code="9">63628</subfield>
  </datafield>
  <datafield tag="700" ind1="1" ind2=" ">
    <subfield code="a">Zuboff, Shoshana</subfield>
    <subfield code="9">63626</subfield>
  </datafield>
  <datafield tag="700" ind1="0" ind2=" ">
    <subfield code="a">&#xE10;&#xE13;&#xE10; &#xE08;&#xE34;&#xE19;&#xE14;&#xE32;&#xE19;&#xE19;&#xE17;&#xE4C;</subfield>
    <subfield code="9">27075</subfield>
  </datafield>
  <datafield tag="942" ind1=" " ind2=" ">
    <subfield code="c">GB</subfield>
    <subfield code="2">lcc</subfield>
  </datafield>
  <datafield tag="996" ind1=" " ind2=" ">
    <subfield code="a">saiphon.d</subfield>
    <subfield code="b">CATSTF	</subfield>
    <subfield code="c">2024-04-09</subfield>
  </datafield>
  <datafield tag="999" ind1=" " ind2=" ">
    <subfield code="c">104907</subfield>
    <subfield code="d">104907</subfield>
  </datafield>
  <datafield tag="998" ind1=" " ind2=" ">
    <subfield code="j">111</subfield>
    <subfield code="k"> &#xE19;&#xE32;&#xE07;&#xE2A;&#xE32;&#xE27;&#xE1E;&#xE08;&#xE1E;&#xE34;&#xE13;  &#xE1E;&#xE23;&#xE21;&#xE40;&#xE2D;&#xE35;&#xE48;&#xE22;&#xE21;</subfield>
  </datafield>
  <datafield tag="952" ind1=" " ind2=" ">
    <subfield code="0">0</subfield>
    <subfield code="1">0</subfield>
    <subfield code="2">lcc</subfield>
    <subfield code="4">0</subfield>
    <subfield code="7">0</subfield>
    <subfield code="a">NALT</subfield>
    <subfield code="b">NALT</subfield>
    <subfield code="d">2024-03-14</subfield>
    <subfield code="e">193</subfield>
    <subfield code="l">4</subfield>
    <subfield code="m">3</subfield>
    <subfield code="o">HF 5415.32 &#xE0B;489&#xE17; 2566</subfield>
    <subfield code="p">3961222798</subfield>
    <subfield code="r">2024-12-23 00:00:00</subfield>
    <subfield code="s">2024-12-17</subfield>
    <subfield code="w">2024-03-14</subfield>
    <subfield code="y">GB</subfield>
  </datafield>
</record>
